| 000 | 00480nam a2200169Ia 4500 | ||
|---|---|---|---|
| 999 |
_c26228 _d26228 |
||
| 003 | OSt | ||
| 005 | 20201215124352.0 | ||
| 008 | 190216s9999||||xx |||||||||||||| ||und|| | ||
| 040 | _coclc | ||
| 082 |
_a894.8121 _bVAR/K |
||
| 100 |
_aVarma, Attoor Ravi _97522 |
||
| 245 | 0 |
_aKavitha / _cAttoor Ravi Varma |
|
| 260 |
_bPoorna Publication, _c1987. _a Kozhikode: |
||
| 300 | _a60p | ||
| 650 | _aKavithkal | ||
| 942 |
_cBK _2ddc _h894.8121 _iVAR/K _k894.8121 _mVAR/K |
||